000 00443nam a2200169 a 4500
005 20140412111225.0
008 020311s19uu xx 00 eng d
020 _a0-7105-0428-4
050 _aER
_bGl45 1986
245 _athe glass coffin.
260 _aEngland :
_bPeter Haddock, Ltd,
_c1986.
300 _a1 v. (unp.) ; ill.
440 _aFive Minute Fables
650 _aChildren stories
650 _aSpell
_xFiction
999 _c102032
_d102032